| 000 | 00516nam a2200205 4500 | ||
|---|---|---|---|
| 003 | OSt | ||
| 005 | 20260601171008.0 | ||
| 008 | 260507b1995\\\\|||a||||\||||\001\0\eng\d | ||
| 020 | _a2880462576 | ||
| 040 |
_aICI _bspa _cICI |
||
| 050 |
_aHF5429215 _bR48 |
||
| 100 | 1 | _aCliff, Stafford | |
| 245 | 1 | _aRetail Corporate Identity | |
| 264 |
_bRotovision _c1995 _aSuiza |
||
| 300 | _a224 páginas | ||
| 336 |
_atexto _2rdacontent |
||
| 337 |
_asin medio _2rdamedia |
||
| 338 |
_avolumen _2rdacarrier |
||
| 942 |
_2ddc _cB _n1 |
||
| 999 |
_c20361 _d20361 |
||